000 00899nam a22002537a 4500
001 5606
003 FISKH
005 20250318110200.0
008 241220b cb ||||| |||| 00| 0 eng d
020 _a9780439994996
040 _aFISKH
_beng
_cFISKH
_dFISKH
082 _a792
100 _aWright, Rachel
245 _aDreadful drama /
_cBy Rachel Wright : Illustrated by Clive Goddard
260 _aNew York :
_bScholastic ;
_c2000.
300 _a142 pages :
_billustrations ;
_c21 cm .
490 _a The knowledge
520 _aFirst ancient Greek guys put on masks and acted out top tales. Next Shakespeare and his pals had some huge hits. Now the world's a stage to all sorts - from plays with no words to actors with no clothes
650 _atheatre
_vNon-fiction
650 _adrama
_vNon-fiction
700 _aGoddard, Clive
_eillustrator
942 _2ddc
_cBK
_n0
999 _c5606
_d5606